Valparaíso: el sendero bicentenario
Saved in:
| Main Author: | |
|---|---|
| Corporate Author: | |
| Format: | Book |
| Language: | Spanish |
| Published: |
Valparaíso
El Mercurio. Ediciones especiales
2000
|
| Subjects: | |
| Tags: |
Add Tag
No Tags, Be the first to tag this record!
|
MARC
| LEADER | 00000nam a2200000 a 4500 | ||
|---|---|---|---|
| 001 | UCL8144 | ||
| 003 | CL-VaPUC | ||
| 008 | 040611e20000000CL |||||||||||||||||spa|d | ||
| 082 | 0 | 4 | |a 983.255 |b PEÑ |2 21 |
| 100 | 0 | |a Peña Muñoz, Manuel |e author |9 486114 | |
| 110 | 2 | |a Fundación Valparaíso |e author |9 486115 | |
| 245 | 1 | 0 | |a Valparaíso: el sendero bicentenario |
| 300 | |a 100 p | ||
| 942 | |c BK | ||
| 945 | |d 20040611 00:00:00 |a cmena | ||
| 260 | |a Valparaíso |b El Mercurio. Ediciones especiales |c 2000 | ||
| 650 | 7 | |a GUIAS TURISTICAS |2 CL-VaPUC |9 346990 | |
| 651 | 7 | |a CHILE |2 CL-VaPUC |9 486116 | |
| 651 | 0 | |a Valparaíso, Chile |9 261144 | |
| 583 | |a last modification |c 20040611 00:00:00 |k Rodrigo Vera | ||
| 999 | |c 309595 |d 309593 | ||
| 952 | |0 0 |1 0 |4 0 |6 983_255000000000000_PEÑ_2000 |7 0 |8 A |9 377124 |a BIBEDU |b BIBEDU |d 2019-11-21 |i 4023358 |o 983.255 PEÑ 2000 |p 4023358 |r 2019-11-21 |w 2019-11-21 |y BK |k LIT | ||